| 000 | 00606nam a2200169 4500 | ||
|---|---|---|---|
| 001 | 144046 | ||
| 003 | ES-MaACL | ||
| 005 | 20230906200930.0 | ||
| 007 | t| | ||
| 008 | 070214s1917 sp r ||||1| spa d | ||
| 245 | 0 | 0 |
_aIndice de pronóstico y de los resultados definitivos proporcionados por el tratamiento... / _cbajo la dirección de Arthur Rendle Short ; traducción de Francisco Tous Biaggi. |
| 260 |
_aBarcelona : _bManuel Marin, _c1917. |
||
| 300 |
_aXVI, 847 p. ; _c25 cm. |
||
| 700 | 1 |
_aShort, Arthur Rendle. _9106156 |
|
| 700 | 1 |
_aTous Biaggi, Francisco. _9111157 |
|
| 852 |
_aES-MaACL _jB-11569 |
||
| 999 |
_c144046 _d144046 |
||